000
00253nam a2200109Ia 4500
008
200302s9999 xx 000 0 und d
100
_a
Simon Nicholson
245
_a
Unit 1 The Empty Box
260
_b
The Open University
260
_c
1976
300
_a
44 P.,
999
_c
535
_d
535